Il Patalogo diciannove, annuario 1996 dello spettacolo, teatro.

সংরক্ষণ করুন:
গ্রন্থ-পঞ্জীর বিবরন
বিন্যাস: গ্রন্থ
ভাষা:ইতালিয়
প্রকাশিত: Milano : Ubulibri, 1996
ট্যাগগুলো: ট্যাগ যুক্ত করুন
কোনো ট্যাগ নেই, প্রথমজন হিসাবে ট্যাগ করুন!

MARC

LEADER 00000nam a22000007ib4500
001 IT\ICCU\RAV\0302714
003 ItRI
005 20260115231930.0
008 971008s1996 it |||||| ||||| |||||c
020 |a 8877481625 
040 |b ita  |c importazione bologna sebina 
041 7 |a ita  |2 ISO-639-2 
245 0 3 |a Il Patalogo diciannove,  |p annuario 1996 dello spettacolo,  |p teatro. 
246 1 3 |a Annuario dello spettacolo. -  |9 IT\ICCU\RAV\0107371 
246 1 3 |a Il patalogo. -  |9 IT\ICCU\RAV\0107361 
260 |a Milano :  |b Ubulibri,  |c 1996 
300 |a 244 p. :  |b ill. ;  |c 24 cm. 
500 |a Titolo estrapolato  |0 IT\ICCU\RAV\0107361 
500 |a Titolo estrapolato  |0 IT\ICCU\RAV\0107371 
773 0 |w IT\ICCU\VEA\0006022  |t Il patalogo ...  |g 19 
942 |2 ddc  |c BK  |n 0 
952 |0 0  |1 0  |4 0  |6 DOC_791_405000000000000_PAT  |7 0  |9 16947  |a BO  |b BO  |d 2026-01-15  |i 6018  |l 0  |o DOC 791.405 PAT  |p BO6018  |r 2026-01-15 23:19:30  |w 2026-01-15  |x [Sebina 7] [1 v.]  |y BK  |z 1 v. 
999 |c 14472  |d 14472